LEADER 01046nam0 22003013i 450 001 RLZ0202830 005 20231121125650.0 100 $a20170404d1981 ||||0itac50 ba 101 | $aita 102 $ait 181 1$6z01$ai $bxxxe 182 1$6z01$an 200 1 $aAlgebra moderna$eteoria e problemi$fFrank Ayres Jr 210 $aMilano$cEtas libri$d1981 215 $a238 p.$d27 cm 225 | $aCollana Schaum$v46 300 $aTit.orig.: Shaum's outline of theory and problems of modern algebra 410 0$1001CFI0001963$12001 $aCollana Schaum$v46 700 1$aAyres$b, Frank$3RAVV061797$4070$0110 790 1$aAyres$b, Frank$c $3CFIV149202$zAyres, Frank 801 3$aIT$bIT-01$c20170404 850 $aIT-FR0099 899 $aBiblioteca Area Ingegneristica$bFR0099 $eN 912 $aRLZ0202830 950 0$aBiblioteca Area Ingegneristica$d 54S. L. SCHAUM 46$e 54VM 0000001975 VMB $fA $h20170404$i20170404 977 $a 54 996 $aModern algebra$927462 997 $aUNICAS LEADER 02692nam 2200601 450 001 9910788791603321 005 20180731043848.0 010 $a0-8218-8105-1 010 $a0-8218-3766-4 035 $a(CKB)3240000000069952 035 $a(EBL)3113368 035 $a(SSID)ssj0000629285 035 $a(PQKBManifestationID)11397910 035 $a(PQKBTitleCode)TC0000629285 035 $a(PQKBWorkID)10731110 035 $a(PQKB)10819220 035 $a(MiAaPQ)EBC3113368 035 $a(RPAM)14664958 035 $a(PPN)197107532 035 $a(EXLCZ)993240000000069952 100 $a20061211h20072007 uy| 0 101 0 $aeng 135 $aur|n|---||||| 181 $ctxt 182 $cc 183 $acr 200 10$aControl methods in PDE-dynamical systems $eAMS-IMS-SIAM Joint Summer Research Conference, July 3-7, 2005, Snowbird, Utah /$fFabio Ancona [and three others], editors 210 1$aProvidence, Rhode Island :$cAmerican Mathematical Society,$d[2007] 210 4$dİ2007 215 $a1 online resource (416 p.) 225 1 $aContemporary mathematics,$x0271-4132 ;$vvolume 426 300 $aDescription based upon print version of record. 320 $aIncludes bibliographical references. 327 $a""Contents""; ""Preface""; ""Asymptotic Stabilization of Systems of Conservation Laws by Controls Acting at a Single Boundary Point""; ""Variational Principles for Finite Dimensional Initial Value Problems""; ""Boundary and Localized Null Controllability of Structurally Damped Elastic Systems""; ""Nonlinear Aeroelasticity Theory: Continuum Models""; ""Stability Issues in the Euler-Korteweg Model""; ""Optimality Conditions for Solutions to Hyperbolic Balance Laws""; ""Long-Time Dynamics of a Semilinear Wave Equation with Nonlinear Interior/Boundary Damping and Sources of Critical Exponents"" 410 0$aContemporary mathematics (American Mathematical Society) ;$vv. 426. 606 $aDifferential equations, Partial$vCongresses 606 $aDifferentiable dynamical systems$vCongresses 606 $aNonlinear difference equations$vCongresses 606 $aControl theory$vCongresses 615 0$aDifferential equations, Partial 615 0$aDifferentiable dynamical systems 615 0$aNonlinear difference equations 615 0$aControl theory 676 $a515/.353 702 $aAncona$b Fabio$f1964- 712 12$aAMS-IMS-SIAM Joint Summer Research Conference on Control Methods in PDE-Dynamical Systems 801 0$bMiAaPQ 801 1$bMiAaPQ 801 2$bMiAaPQ 906 $aBOOK 912 $a9910788791603321 996 $aControl methods in PDE-dynamical systems$9715753 997 $aUNINA